LIBRARY ONLINE CATALOGUE

Current Issues in Nursing (Record no. 15602)

MARC details
000 -LEADER
fixed length control field 00542nam a22001937a 4500
008 - FIXED-LENGTH DATA ELEMENTS--GENERAL INFORMATION
fixed length control field 160208b xxu||||| |||| 00| 0 eng d
020 ## - INTERNATIONAL STANDARD BOOK NUMBER
International Standard Book Number 0323065719
100 ## - MAIN ENTRY--PERSONAL NAME
Personal name Cowen Perle Slavik
245 ## - TITLE STATEMENT
Title Current Issues in Nursing
Statement of responsibility, etc. Perle Slavik Cowen
250 ## - EDITION STATEMENT
Edition statement 8th Ed
260 ## - PUBLICATION, DISTRIBUTION, ETC. (IMPRINT)
Place of publication, distribution, etc. USA
Name of publisher, distributor, etc. MOSBY Elsevier
Date of publication, distribution, etc. 2011
300 ## - PHYSICAL DESCRIPTION
Extent xxiv, 837 p.
Other physical details ill.
650 ## - SUBJECT ADDED ENTRY--TOPICAL TERM
Source of heading or term Nursing Ethics
650 ## - SUBJECT ADDED ENTRY--TOPICAL TERM
Source of heading or term Nursing Roles
650 ## - SUBJECT ADDED ENTRY--TOPICAL TERM
Source of heading or term Nursing
650 ## - SUBJECT ADDED ENTRY--TOPICAL TERM
Source of heading or term Nursing Care
700 ## - ADDED ENTRY--PERSONAL NAME
Personal name Sue Moorhead
942 ## - ADDED ENTRY ELEMENTS (KOHA)
Source of classification or shelving scheme Library of Congress Classification
Koha item type General Collection
Edition 8th ed
Classification part RT 63
Call number prefix .C68 2011 c.1
Holdings
Withdrawn status Lost status Source of classification or shelving scheme Not for loan Home library Current library Shelving location Date acquired Cost, normal purchase price Total Checkouts Full call number Barcode Date last seen Copy number Price effective from Koha item type
    Library of Congress Classification   Kabarak, Main Campus Kabarak, Main Campus General Stacks 08/02/2016 5483.40   RT 63 .C63 2011 c.1 016623 08/02/2016 c.1 08/02/2016 General Collection